00613nam a2200133Ia 4500041001200000082001200012100014500024245013800169260006000307300001300367650005400380650002800434650001700462 aEnglish aRR.0294 aRao, V. SrinivasauCentre for the Study of Social Exclusion and Inclusive Policy (CSSEIP), School of Social Science, University of Hyderabad 0aCommunity participation in primary education in tribal areas :ba comparative study of Andhra Pradesh and Kerala / cV. Srinivasa Rao aNew Delhi :bIndian Council of Social Science Research, avi, 168p aPrimary educationzIndiazAndhra Pradesh zKerala aCommunity participation aTribal areas